La cebolla (Record no. 69722)

MARC details
000 -LEADER
campo de control de longitud fija 00995nam a2200241 i 4500
001 - NÚMERO DE CONTROL
campo de control 69722
003 - IDENTIFICADOR DE NÚMERO DE CONTROL
campo de control ES-MaACL
005 - FECHA Y HORA DE LA ÚLTIMA TRANSACCIÓN
campo de control 20250407180333.0
007 - CAMPO FIJO DE DESCRIPCIÓN FÍSICA--INFORMACIÓN GENERAL
campo de control de longitud fija t|
008 - DATOS DE LONGITUD FIJA--INFORMACIÓN GENERAL
campo de control de longitud fija 040709s1946 sp ||||1| spa d
100 1# - ENTRADA PRINCIPAL--NOMBRE DE PERSONA
Nombre de persona García Gisbert, Carlos.
9 (RLIN) 54686
245 13 - MENCIÓN DEL TÍTULO
Título La cebolla
Resto del título : estudio de su producción y comercio en España /
Mención de responsabilidad, etc. Carlos García Gisbert.
260 ## - PUBLICACIÓN, DISTRIBUCIÓN, ETC.
Lugar de publicación, distribución, etc. [Madrid :
Nombre del editor, distribuidor, etc. s.n.,
Fecha de publicación, distribución, etc. 1946]
300 ## - DESCRIPCIÓN FÍSICA
Extensión 234 p., 12 lám. ;
Dimensiones 25 cm.
500 ## - NOTA GENERAL
Nota general Precede al tít.: Ministerio de Agricultura, Mapa Agronómico Nacional.
650 #4 - PUNTO DE ACCESO ADICIONAL DE MATERIA--TÉRMINO DE MATERIA
9 (RLIN) 9680
Término de materia o nombre geográfico como elemento de entrada Agricultura-
Subdivisión geográfica España
710 1# - ENTRADA AGREGADA--NOMBRE DE ENTIDAD CORPORATIVA
Nombre de entidad corporativa o nombre de jurisdicción como elemento de entrada España.
Unidad subordinada Ministerio de Agricultura.
-- Mapa Agronómico Nacional.
9 (RLIN) 3839
852 ## - LOCALIZACIÓN
Ubicación ES-MaACL
Número de control de estantería D-6592
Sublocalización o colección R.30973
-- R.M.6182
itemnumber 72322
Ubicación en estantería Sala Valle Inclán
Marcas de propiedad Sello en tinta azul de la Biblioteca del Ateneo de Madrid
942 ## - ELEMENTOS DE ENTRADA SECUNDARIOS (KOHA)
Fuente del sistema de clasificación o colocación Clasificación decimal universal
Tipo de ítem Koha Libro impreso
Holdings
Estatus retirado Estado de pérdida Fuente del sistema de clasificación o colocación Estado de daño No para préstamo Biblioteca de origen Biblioteca actual Ubicación en estantería Fecha de adquisición Total de préstamos Signatura topográfica completa Código de barras Visto por última vez Precio de reemplazo Tipo de ítem Koha
    Clasificación decimal universal     Biblioteca del Ateneo de Madrid Biblioteca del Ateneo de Madrid Sala Valle Inclán 17/01/2008   D-6592 901073007 23/02/2023 23/02/2023 Libro impreso